000
00268nam a2200121Ia 4500
008
190216s9999||||xx |||||||||||||| ||und||
100
_a
Irfan Habib
245
4
_a
The Indus Civilization
260
_b
Thulika Books
300
_a
110
650
_a
History
942
_c
BK
999
_c
21145
_d
21145